| 000 | 01043cad a22002295a 4500 | ||
|---|---|---|---|
| 001 | E149599 | ||
| 008 | 100324s2010 fr d f s 000 0 eng d | ||
| 035 | _a(Sirsi) u149599 | ||
| 041 | 0 | _aeng | |
| 050 | 0 | 4 | _a333.33 $2 18 |
| 110 | 2 |
_aBNP Paribas Real Estate _95715 |
|
| 245 | 0 | 0 |
_aInvestment in Europe _bQ4 2009 _h[electronic resource] |
| 260 |
_a[S.l] _bBNP Paribas Real Estate _c2010 |
||
| 490 | 0 | _aBNP Paribas Real Estate Investment in Europe | |
| 520 | _aReports that investment volume increased by 9% over the previous quarter in the 28 cities studied. This is an improvement of 15% over Q4 2008. Although 2009 has been a slow year for the commercial real estate investment market, there are indications that a recovery is taking place. | ||
| 521 | _aAdvanced | ||
| 590 | _aKA | ||
| 651 | 4 | _aEurope | |
| 690 | _aPROPERTY-COMMERCIAL PROPERTY-COMMERCIAL PROPERTY MARKET | ||
| 856 | 4 | 0 |
_uhttps://www.realestate.bnpparibas.co.uk _zView this report free of charge at www.realestate.bnpparibas.co.uk (see research section) |
| 942 | _n0 | ||
| 999 |
_c110554 _d110554 |
||